00896nam a22002177a 4500003000400000005001700004007000300021008004100024040002500065041000800090082001600098240001200114245021900126260004200345300002200387500003600409501006200445942001400507952014000521999001700661OSt20220531084005.0ta201106e1984 dr ||||frg||| 00| 0dspa d aDO-SdBNPbspacBNPHU hspa axxxbG643re a[Ley] . aRecopilación jurisprudencia integrada de las decisones de la Suprema Corte de Justicia de la República Dominicana :bmateria penal, doce (12) años (1972 - 1983) /cL. Almánzor González Canahuate , comp. aSanto Domingo :bAlfa y Omega ,c1984 a505 pag. ;c22 cm0 aContiene índice alfabético. aContiene referencia bibliográfica al pié de página. 2ddccLBS1 00102ddc718MOaPDbPDcCTd2017-01-03eDonado por la biblioteca del Poder JudicialiLF1l0oxxx G643rer2020-11-06w2020-11-06yLBS1 c49111d49111